| 000 | 00708nam a22002177a 4500 | ||
|---|---|---|---|
| 003 | UA-OsUOA | ||
| 001 | 61065 | ||
| 007 | ta | ||
| 008 | 20090615b un ||||| |||| 00| 0 ukr d | ||
| 090 |
_a930.1 _bС71 |
||
| 942 | _cBK | ||
| 040 |
_aUA-OsUOA _bukr _cUA-OsUOA _dUA-OsUOA |
||
| 245 |
_aСпеціальні історичні дисципліни: питання теорії та методики _bЗбірка наукових праць |
||
| 300 | _a358 с. | ||
| 955 | _a2 | ||
| 041 | _aukr | ||
| 080 | _a930.1 | ||
| 260 |
_aК. _c2007 |
||
| 650 | 7 |
_a340 Право в цілому. Пропедевтика. Методи та допоміжні правничі науки _2UDC |
|
| 999 |
_c347540 _d347540 |
||